| 000 | 00821nam a2200217Ia 4500 | ||
|---|---|---|---|
| 003 | GCL | ||
| 008 | 140319s9999 xx 000 0 ara d | ||
| 040 |
_aGCL / _cGCL |
||
| 082 | 0 | 4 |
_a657.867042 _bا م |
| 100 | 1 | _aاحمد فرغلى محمد حسن | |
| 245 | 1 | 0 |
_aدراسات مستقبلية فى : المحاسبة البيئية والموارد الطبيعية / _cاحمد فرغلى محمد حسن |
| 260 |
_aالقاهرة : _bالمكتبة الاكاديمية ، _c1997 |
||
| 300 |
_a38 ص ؛ _c27سم |
||
| 490 |
_aكراسات استراتيجية _v0 |
||
| 490 | _aكراسات مستقبلية | ||
| 650 | 0 | 4 | _aالبيئة |
| 650 | 0 | 4 | _aمحاسبة التكاليف |
| 650 | 0 | 4 | _aالموارد الطبيعية |
| 650 | 0 | 4 | _aمحاسبة التكاليف الصناعية |
| 942 |
_2ddc _cBK |
||
| 999 |
_c48454 _d48454 |
||